000 01327cam a22002773a 4500
001 6164
003 PGUSA
005 20140828083129.0
008 040701s2004||||xxu|||||s|||||000 | eng d
040 _aPGUSA
_beng
042 _adc
050 4 _aQH
100 1 _aJefferies, Richard,
_d1848-1887
245 1 4 _aThe Life of the Fields
_h[electronic resource] /
_cRichard Jefferies
260 _bProject Gutenberg,
_c2004
505 0 _aThe pageant of summer -- The field-play -- Bits of oak bark -- Meadow thoughts -- Clematis lane -- Nature near Brighton -- Sea, sky, and down -- January in the Sussex woods -- By the Exe -- The water-colley -- Notes on landscape painting -- Village miners -- Mind under water -- Sport and science -- Nature and the gamekeeper -- The sacrifice to trout -- The hovering of the kestrel -- Birds climbing the air -- Country literature -- Sunlight in a London square -- Venice in the east end -- The pigeons at the British museum -- The plainest city in Europe.
506 _aPublic domain in the USA.
516 _aElectronic text
653 _aNatural history -- Outdoor books
653 _aParis (France) -- Description and travel
653 _aNature
653 _aNature study
830 0 _aProject Gutenberg
_v6164
856 4 0 _uhttp://www.gutenberg.org/ebooks/6164
942 _cEB
999 _c235487
_d235487